Liedtext - 079 - Lo & Leduc - Statistiken

Allgemein
  • Dieses Quiz wurde 45 mal gespielt
  • Das Durchschnittsergebnis liegt bei 189 aus 374
Antwortstatistiken
Antwort % Korrekt
e
91%
si
91%
Si
91%
i
85%
I
85%
d
76%
no
76%
"0-7-9"
74%
"0-7-9",
74%
U
74%
u
74%
ha
71%
het
68%
immer
68%
Immer
68%
isch
68%
mir
65%
vo
65%
da
62%
De
62%
de
62%
gseit
62%
gseit,
62%
nümme
62%
Numme
62%
nüt",
59%
weni
59%
"Du
56%
ga
56%
jede
56%
Nummer
56%
Tram
56%
tschüss",
56%
tschüss
56%
Und
56%
"1-4-4"
53%
das
53%
ja
53%
Lüüt
53%
dr
50%
drü
50%
Millione
50%
nid
50%
Per
50%
Tag
50%
Uskunft
50%
weisch
50%
Gäb
47%
gäb
47%
hei
47%
ihri -
47%
ihri
47%
ihri-
47%
Kombinatione,
47%
Wo
47%
bi
44%
favore
44%
lang
44%
nume
44%
am
41%
ei
41%
Jahr
41%
Nummere,
41%
Nummere
41%
passiert?",
41%
"Wie
41%
10
38%
die
38%
dritte
38%
es
38%
Es
38%
gäbs
38%
"Hie
38%
hie
38%
hie"
38%
"hie
38%
jedes
38%
sich
38%
zwöi
38%
aber
35%
längt
35%
schaffe
35%
Siech",
35%
Ambulanz
32%
drann
32%
dranne
32%
git
32%
Heisst,
32%
"Huere
32%
hüt
32%
lüte
32%
möcht
32%
tüt
32%
verlangsamt
32%
doch
29%
jedi
29%
lütet
29%
Mau
29%
mit
29%
renne
29%
sicher
29%
usprobier
29%
verbunde
29%
wenigschtens
29%
yeah!
29%
ar
26%
bisi
26%
ey
26%
fing
26%
Finger
26%
frage
26%
Ghöri
26%
ghöri
26%
ig
26%
Jahre
26%
ob
26%
sit
26%
stimme
26%
Wär
26%
zittrige
26%
aa
24%
aa?
24%
Angri
24%
aus
24%
däm
24%
häre,
24%
maximau
24%
muess
24%
Nummre,
24%
Nummre
24%
Schluss
24%
tatsächlich
24%
Vorwau
24%
wäge
24%
Minute
21%
pro
21%
Viu
21%
bini
18%
blibt
18%
chönnts
18%
fausch
18%
"Nidmau
18%
Nidmau
18%
plötzlech
18%
winke
18%
wöue
18%
öbber
15%
sächsehaub
15%
woni
15%
gäbts
9%
nächär
9%
numen
9%
ytipp
9%
brämsen
6%
hären
6%
Nja,
6%
Ohh,
6%
jitz
3%
Keine übereinstimmenden Quizze gefunden
Verteilung der Resultate
Anzahl Personen mit jedem Resultat
Perzentil nach korrekt beantworteten Fragen
Ihre Resultats-Entwicklung
Sie haben dieses Quiz noch nicht gespielt